Sports Quiz

Random Sports or NHL Quiz
Score 0/42 Timer 08:00
1 Play Today
Position Player % Correct
ForwardsAlexander Ovechkin
87.5%
ForwardsPatrick Kane
85.2%
GoalkeepersTim Thomas
84.2%
ForwardsDaniel Sedin
83.6%
ForwardsHenrik Sedin
83.5%
GoalkeepersMarc-Andre Fleury
82.4%
ForwardsJonathan Toews
81.8%
ForwardsMartin St. Louis
78.9%
DefensemenZdeno Chara
78.8%
ForwardsEric Staal
78.6%
DefensemenMarc Staal
78.3%
GoalkeepersCarey Price
77.2%
GoalkeepersCam Ward
77.1%
ForwardsSteven Stamkos
76.2%
GoalkeepersHenrik Lundqvist
70.8%
ForwardsRick Nash
70.4%
DefensemenNicklas Lidstrom
70.4%
ForwardsPhil Kessel
66.8%
DefensemenDuncan Keith
66.4%
DefensemenMike Green
66.1%
DefensemenShea Weber
64.4%
Position Player % Correct
ForwardsPatrick Sharp
63.9%
ForwardsCorey Perry
63.9%
ForwardsAnze Kopitar
63.2%
GoalkeepersJonas Hiller
62.9%
ForwardsClaude Giroux
62.8%
DefensemenKris Letang
61%
ForwardsBrad Richards
59.8%
ForwardsRyan Kesler
59%
ForwardsDaniel Briere
53.8%
ForwardsPatrik Elias
53.6%
DefensemenDan Boyle
53.3%
ForwardsMatt Duchene
51.5%
ForwardsJeff Skinner
50.9%
ForwardsDavid Backes
50.7%
DefensemenDustin Byfuglien
49.3%
DefensemenBrent Burns
46.2%
DefensemenErik Karlsson
45.6%
DefensemenKeith Yandle
45.6%
ForwardsPaul Stastny
41.3%
ForwardsLoui Eriksson
35.5%
ForwardsMartin Havlat
34.6%

You're not logged in!

Compare scores with friends on all Sporcle quizzes.
OR
Log In

Sporcle TV

Today on Sporcle TV


Watch our educational content, quiz creation guides, and fun videos on Sporcle TV.

Show Comments

Extras

Top Quizzes Today


Score Distribution

Paid Content

Your Account Isn't Verified!

In order to create a playlist on Sporcle, you need to verify the email address you used during registration. Go to your Sporcle Settings to finish the process.

Report this User

Report this user for behavior that violates our Community Guidelines.

Details: